| 000 | 01721nam a2200229Ia 4500 | ||
|---|---|---|---|
| 008 | 260220t1988||||xx |||||||||||||| ||spa|| | ||
| 040 |
_aPY-SlUNAC _bspa _erda |
||
| 041 | _aspa | ||
| 082 |
_a591 _bIt1c |
||
| 245 | 0 |
_aContribución al conocimiento del speothos venaticus lund, 1842 : _b(carnívora, canide) |
|
| 264 |
_aAsunción : _bItaipú Binacional, _c℗1988. |
||
| 300 | _a1 volumen | ||
| 520 | _aEl libro "Contribución al conocimiento del Speothos venaticus Lund, 1842" aborda aspectos fundamentales sobre la biología, ecología y comportamiento del lobo de crin, un miembro de la familia Canidae. Publicado en 1988 por Itaipú Binacional, el texto se centra en la distribución geográfica de esta especie, su hábitat preferido y las interacciones con otras especies en su ecosistema. A través de observaciones de campo y análisis de datos, el autor examina la dieta del Speothos venaticus, sus patrones de caza y su estructura social. Además, se discuten las implicaciones de la conservación, considerando las amenazas que enfrenta la especie debido a la pérdida de hábitat y la caza. El libro no solo contribuye al conocimiento científico sobre el lobo de crin, sino que también resalta la importancia de su conservación en el contexto de la biodiversidad del ecosistema en el que habita. Esta obra se presenta como un recurso valioso para investigadores y conservacionistas interesados en la fauna de la región. | ||
| 653 | _aConservación de la biodiversidad | ||
| 653 | _aEspecies en peligro | ||
| 653 | _aMamíferos | ||
| 942 |
_b2026/02/17 _cBK |
||
| 999 |
_c8313 _d8313 |
||